000
00272nam a22001217a 4500
040
_c
333
082
_a
333 ROB 1994 C090
100
_a
ROBERT COSTANZA
245
_a
Getting down to earth
260
_a
Phnom Penh
_b
ROB
_c
1994
300
_a
472p.
_b
ill.
_c
29cm.
942
_c
EK
999
_c
11234
_d
11234